LEADER 00882nam0 2200253 450 001 000019831 005 20081125091618.0 010 $a0444002634 100 $a20081125d1978----km-y0itay50------ba 101 0 $aeng 102 $aUS 105 $ay-------001yy 200 1 $a<>introduction to numerical methods and optimization techniques$fRichard W. Daniels 210 $aNew York$cNorth-Holland$dc1978 215 $aXIII, 293 p.$d24 cm 500 10$a<>introduction to numerical methods and optimization techniques$933512 610 1 $aAnalisi numerica 676 $a519.4$v20$9Analisi numerica applicata 700 1$aDaniels,$bRichard W.$0104413 801 0$aIT$bUNIPARTHENOPE$c20081124$gRICA$2UNIMARC 912 $a000019831 951 $aM 519.4/1$bM 598$cDSA$d2008 996 $aIntroduction to numerical methods and optimization techniques$933512 997 $aUNIPARTHENOPE LEADER 01166nam 2200397 450 001 9910490733703321 005 20221015100748.0 010 $a1-78984-753-2 035 $a(CKB)4100000011987883 035 $a(NjHacI)994100000011987883 035 $a(EXLCZ)994100000011987883 100 $a20221015d2021 uy 0 101 0 $aeng 135 $aur||||||||||| 181 $ctxt$2rdacontent 182 $cc$2rdamedia 183 $acr$2rdacarrier 200 00$aDrug Design $eNovel Advances in the Omics Field and Applications /$fArli Aditya Parikesit, editor 210 1$aLondon :$cIntechOpen,$d[2021] 210 4$dİ2021 215 $a1 online resource (158 pages) $cillustrations 311 $a1-78984-752-4 320 $aIncludes bibliographical references and index. 517 $aDrug Design 606 $aDrugs$xDesign 606 $aStructural bioinformatics 615 0$aDrugs$xDesign. 615 0$aStructural bioinformatics. 676 $a615.19 702 $aParikesit$b Arli Aditya 801 0$bNjHacI 801 1$bNjHacl 906 $aBOOK 912 $a9910490733703321 996 $aDrug Design$92953323 997 $aUNINA